00736nam a2200253 a 4500001001300000003000900013005001700022008004100039020001000080082001800090100001800108245002000126260003400146300000900180500003500189505005100224650002000275650002000295700001800315902000800333942000700341952011900348999001500467nice12345678IN_TiNIC20260116012830.0050524s1861 kana grd 000 0 urd  ac10000a491.4393bKAR aKareemuddin,  aKareemul Lughat aKanpurbMatba-E-Razzaqic1861 a296p aincludes index and biblioraphy2 aprinted from The Muslim World, lxi, no.3, 1971 aDictionary-Urdu aUrdu-Dictionary1 aKareemuddin,  bRHR cBK 001040708ReferHall-aHMIbHMId2007-06-07g100.00l0o491.4393 KARp013642r2007-06-07v100.00w2005-05-24yBK c8562d8562